Wireless and mobile device security (Record no. 37079)

MARC details
000 -LEADER
fixed length control field 00617nam a2200181Ia 4500
020 ## - INTERNATIONAL STANDARD BOOK NUMBER
ISBN 9781284059274
050 ## - CALL MARK
Classification number TK 5105.78 .J56/
100 ## - STATEMENT OF RESPONSIBILITY--MAIN AUTHOR NAME
Personal name Doherty, Jim
245 #0 - TITLE STATEMENT
Title Wireless and mobile device security
260 ## - PUBLICATION, DISTRIBUTION, ETC. (IMPRINT)
Place of publication Burlington
260 ## - PUBLICATION, DISTRIBUTION, ETC. (IMPRINT)
Name of publisher Jones & Bartlett Learning
260 ## - PUBLICATION, DISTRIBUTION, ETC. (IMPRINT)
Year of publication 2016
300 ## - PHYSICAL DESCRIPTION
Number of Pages 392 p
650 ## - SUBJECT ADDED ENTRY--TOPICAL TERM
Topical Term Wireless communication systems--Security measures. Mobile communication systems--Security measures. Wireless LANs--Security measures. Mobile computing--Security measures.
942 ## - ADDED ENTRY ELEMENTS (KOHA)
Koha item type Books
Holdings
Withdrawn status Lost status Source of classification or shelving scheme Damaged status Not for loan Permanent Location Current Location Date acquired Accession Number Price effective from Koha item type
    Library of Congress Classification     NILE UNIVERSITY OF NIGERIA - MAIN LIBRARY NILE UNIVERSITY OF NIGERIA - MAIN LIBRARY 04/23/2025 0186411 04/23/2025 Books